Zmena konkurenčnej výkonnosti SR v pokrízovom období
Ukazovatele komparatívnych výhod. Zhodnotenie komparatívnych výhod slovenskej ekonomiky v rámci jednotlivých tried Harmonizovaného systému tovarov.
Na minha lista:
| Autor principal: | |
|---|---|
| Formato: | Capítulo de Livro |
| Idioma: | eslovaco |
| Assuntos: | |
| Tags: |
Sem tags, seja o primeiro a adicionar uma tag!
|
MARC
| LEADER | 00000nla a2200000 4500 | ||
|---|---|---|---|
| 001 | 0179360 | ||
| 005 | 20240502073040.4 | ||
| 041 | 0 | |a slo | |
| 044 | |a SK | ||
| 245 | 1 | 0 | |a Zmena konkurenčnej výkonnosti SR v pokrízovom období |c Tomáš Kendera |
| 520 | |a Ukazovatele komparatívnych výhod. Zhodnotenie komparatívnych výhod slovenskej ekonomiky v rámci jednotlivých tried Harmonizovaného systému tovarov. | ||
| 610 | 2 | 0 | |a výhody komparatívne |
| 610 | 2 | 0 | |a ukazovatele |
| 610 | 2 | 0 | |a dovoz |
| 610 | 2 | 0 | |a vývoz |
| 610 | 2 | 0 | |a tovar |
| 610 | 2 | 0 | |a konkurencieschopnosť |
| 610 | 2 | 0 | |a Slovensko |
| 610 | 2 | 0 | |a Európska únia |
| 610 | 2 | 0 | |a kríza |
| 100 | 1 | |a Kendera, Tomáš | |